000 00278nam a22001097a 4500
999 _c5242
_d5242
008 250828b ||||| |||| 00| 0 eng d
020 _a9781338047837
082 _a741.5 STE
100 _aSTEINKE,ARON NELS
_eAUTHOR
_lENGLISH
245 _aMR.WOLF'S CLASS
_bLUCKY STARS
942 _2ddc